000
00306nam a2200121 a 4500
008
110107s1974|||| d
100
1
_a
Lenin, V.I.
245
1
0
_a
Imperializmus ako najvyššie štádium kapitalizmu
260
_b
Pravda
_a
Bratislava
_c
1974
020
_c
4
041
_a
slo
044
_a
xo
_c
SK
999
_c
15572
_d
15572